| 000 | 00555nam a2200193Ia 4500 | ||
|---|---|---|---|
| 003 | IEPS | ||
| 005 | 20250703135252.0 | ||
| 008 | 250223s9999||||xx |||||||||||||| ||und|| | ||
| 040 | _CIEPS | ||
| 041 | _aara | ||
| 082 | _a615.822 | ||
| 100 | _aالعالم زينب عبد الحميد | ||
| 245 | 0 | _aالتدليك الرياضي و إصابات الملاعب | |
| 260 |
_aالقاهرة _bدار الفكر العربي _c1994 |
||
| 300 |
_a184 ص. _c24 سم. |
||
| 653 | _aالإصابات | ||
| 653 | _aالطب الرياضي | ||
| 942 | _cكتاب | ||
| 999 |
_c11906 _d11906 |
||